[Event "Daventry 4NCL U1700"]
[Site "Daventry"]
[Date "2025.04.20"]
[Round "5.7"]
[White "Bishop, Geoffrey L"]
[Black "Badley, Christopher"]
[Result "0-1"]
[WhiteElo "1609"]
[BlackElo "1483"]
[PlyCount "108"]
[EventDate "2025.04.18"]
[EventType "swiss"]
[EventRounds "7"]
[EventCountry "ENG"]
[SourceTitle "BritBase"]
[Source "John Saunders"]
[SourceDate "2025.09.18"]
[SourceVersion "1"]
[SourceVersionDate "2025.09.18"]
[SourceQuality "1"]

1. e4 c5 2. Nf3 d6 3. d4 cxd4 4. Nxd4 Nf6 5. Nc3 a6 6. h3 e6 7. g4 d5 8. Bg2 Nxe4 9. Nxe4 dxe4 10. Bxe4 Qc7 11. a3 Bd7 12. Be3 Nc6 13. f4 O-O-O 14. Qf3 Nxd4 15. Bxd4 Bc6 16. Rd1 f6 17. b4 Bxe4 18. Qxe4 Qc6 19. Qxc6+ bxc6 20. Bb6 Rxd1+ 21. Kxd1 Bd6 22. f5 e5 23. Ke2 Re8 24. Rd1 Bc7 25. Bc5 g6 26. fxg6 hxg6 27. Rf1 Bd8 28. Ke3 Kd7 29. c4 Ke6 30. Rd1 Bc7 31. a4 Rh8 32. Rh1 f5 33. g5 Bd8 34. h4 Bxg5+ 35. Kf3 Be7 36. Bxe7 Kxe7 37. b5 axb5 38. cxb5 cxb5 39. axb5 Rb8 40. h5 Rxb5 41. hxg6 Kf6 42. Rg1 Rb7 43. Rd1 Kxg6 44. Rd6+ Kg5 45. Rd8 Rb3+ 46. Kf2 Kf4 47. Rh8 Rb2+ 48. Ke1 e4 49. Rh4+ Kg3 50. Rh5 f4 51. Rg5+ Kf3 52. Rh5 e3 53. Rh3+ Ke4 54. Rh4 Kd3 0-1

[Event "Daventry 4NCL U1700"]
[Site "Daventry"]
[Date "2025.04.20"]
[Round "5.8"]
[White "Sloan, Cecil"]
[Black "Smith, Adam"]
[Result "1/2-1/2"]
[WhiteElo "1583"]
[BlackElo "1519"]
[PlyCount "116"]
[EventDate "2025.04.18"]
[EventType "swiss"]
[EventRounds "7"]
[EventCountry "ENG"]
[SourceTitle "BritBase"]
[Source "John Saunders"]
[SourceDate "2025.09.18"]
[SourceVersion "1"]
[SourceVersionDate "2025.09.18"]
[SourceQuality "1"]

1. e4 c6 2. d4 d5 3. exd5 cxd5 4. Bd3 Nf6 5. c3 Bg4 6. Qb3 Qd7 7. Bf4 Nc6 8. Nd2 e6 9. Ngf3 Bd6 10. Bxd6 Qxd6 11. O-O O-O 12. Rae1 Ne7 13. Ne5 Bf5 14. Qc2 Nh5 15. Bxf5 exf5 16. Ndf3 f6 17. Nd3 g5 18. Qe2 Ng6 19. Qe6+ Qxe6 20. Rxe6 g4 21. Nd2 Nhf4 22. Nxf4 Nxf4 23. Re7 Rf7 24. Rfe1 Kf8 25. Rxf7+ Kxf7 26. Kf1 Nd3 27. Rb1 Re8 28. c4 Ke6 29. Ke2 dxc4 30. Nxc4 Nf4+ 31. Kf1 Kd5 32. Ne3+ Ke4 33. Nxg4 Kxd4 34. Ne3 Re5 35. Rc1 Rc5 36. Rxc5 Kxc5 37. Nd1 Kd4 38. g3 Nd5 39. Ke2 b5 40. Ne3 f4 41. Nxd5 Kxd5 42. g4 Ke4 43. f3+ Ke5 44. Kd3 h6 45. b4 f5 46. gxf5 Kxf5 47. Kd4 Kg5 48. Kc5 a6 49. Kb6 Kh4 50. Kxa6 Kh3 51. Kxb5 Kg2 52. a4 Kxf3 53. a5 Ke3 54. a6 f3 55. a7 f2 56. a8=Q f1=Q+ 57. Kc5 Qf5+ 58. Qd5 Qc8+ 1/2-1/2

[Event "Daventry 4NCL U1700"]
[Site "Daventry"]
[Date "2025.04.20"]
[Round "5.9"]
[White "Williams, Leslie"]
[Black "Morrish, John"]
[Result "0-1"]
[WhiteElo "1517"]
[BlackElo "1644"]
[PlyCount "74"]
[EventDate "2025.04.18"]
[EventType "swiss"]
[EventRounds "7"]
[EventCountry "ENG"]
[SourceTitle "BritBase"]
[Source "John Saunders"]
[SourceDate "2025.09.18"]
[SourceVersion "1"]
[SourceVersionDate "2025.09.18"]
[SourceQuality "1"]

1. e4 d5 2. exd5 Nf6 3. Bb5+ Nbd7 4. Nc3 a6 5. Be2 Nb6 6. Nf3 Nfxd5 7. d3 e6 8. a3 Nxc3 9. bxc3 Bd6 10. Bg5 f6 11. Be3 Nd5 12. c4 Nc3 13. Qd2 Nxe2 14. Qxe2 e5 15. c5 Be7 16. Nd2 O-O 17. O-O g5 18. d4 Be6 19. dxe5 f5 20. f4 g4 21. Rab1 Rb8 22. c4 Qd7 23. Rfd1 Qc6 24. Qf2 Rfd8 25. Nb3 Qa4 26. Nd4 Bxc5 27. Qh4 Qe8 28. Qf6 Bxd4 29. Bxd4 Rd7 30. Ba7 Rbd8 31. Qg5+ Kh8 32. Qf6+ Kg8 33. Rxd7 Qxd7 34. Rxb7 Qd1+ 35. Kf2 Rd2+ 36. Kg3 Qe1+ 37. Bf2 Qxf2# 0-1

[Event "Daventry 4NCL U1700"]
[Site "Daventry"]
[Date "2025.04.20"]
[Round "5.10"]
[White "Gelder, Stephanie"]
[Black "Robinson, John K"]
[Result "0-1"]
[WhiteElo "1488"]
[BlackElo "1627"]
[PlyCount "86"]
[EventDate "2025.04.18"]
[EventType "swiss"]
[EventRounds "7"]
[EventCountry "ENG"]
[SourceTitle "BritBase"]
[Source "John Saunders"]
[SourceDate "2025.09.18"]
[SourceVersion "1"]
[SourceVersionDate "2025.09.18"]
[SourceQuality "1"]

1. d4 Nf6 2. Nc3 g6 3. Bf4 d6 4. e3 Bg7 5. Nf3 O-O 6. Be2 Nbd7 7. h3 h6 8. Bh2 c5 9. O-O a5 10. dxc5 Nxc5 11. Rb1 Nfd7 12. Nd2 Ne5 13. Nce4 b6 14. Nxc5 bxc5 15. Nf3 Nd7 16. c3 Nb6 17. Nd2 Be6 18. a3 a4 19. Bg4 Qd7 20. Bxe6 Qxe6 21. Qc2 Nc4 22. Nxc4 Qxc4 23. Rfd1 Rab8 24. e4 Rb3 25. Bf4 Rfb8 26. f3 h5 27. Re1 R8b7 28. Kh1 Bf6 29. g4 hxg4 30. fxg4 Qe6 31. Bd2 Kf8 32. Re3 Ke8 33. c4 Bd4 34. Rxb3 Rxb3 35. Bc3 Qxc4 36. Rc1 Bxc3 37. bxc3 Rxa3 38. Qb2 Qxe4+ 39. Kh2 Rb3 40. Qd2 Qe5+ 41. Kh1 a3 42. Rg1 Qe4+ 43. Rg2 Rb2 0-1

[Event "Daventry 4NCL U1700"]
[Site "Daventry"]
[Date "2025.04.20"]
[Round "5.11"]
[White "Mantaev, Nikolai"]
[Black "Jerome, Stellio"]
[Result "0-1"]
[WhiteElo "1370"]
[BlackElo "1614"]
[PlyCount "112"]
[EventDate "2025.04.18"]
[EventType "swiss"]
[EventRounds "7"]
[EventCountry "ENG"]
[SourceTitle "BritBase"]
[Source "John Saunders"]
[SourceDate "2025.09.18"]
[SourceVersion "1"]
[SourceVersionDate "2025.09.18"]
[SourceQuality "1"]

1. e4 e6 2. d4 d5 3. e5 c5 4. c3 Nc6 5. Nf3 Qb6 6. Qb3 Qc7 7. Bd2 Nge7 8. Bb5 a6 9. Bxc6+ bxc6 10. O-O cxd4 11. cxd4 a5 12. Nc3 Ba6 13. Rfc1 Bc4 14. Qd1 Qa7 15. b3 Ba6 16. Na4 Bb5 17. Nc5 Nf5 18. Be3 Nxe3 19. fxe3 g6 20. Rc3 a4 21. b4 Bc4 22. a3 Bxc5 23. bxc5 Rb8 24. Rb1 O-O 25. Nd2 Rxb1 26. Qxb1 Rb8 27. Qc1 Be2 28. e4 Qa6 29. h3 Bd3 30. exd5 exd5 31. Kh2 h5 32. Qe1 Bf5 33. Qg3 Rb2 34. Qe3 Kg7 35. e6 Bxe6 36. Qe5+ Kh7 37. Nf3 Qf1 38. Ng5+ Kg8 39. Rc2 Rxc2 40. Qb8+ Kg7 41. Qe5+ Qf6 42. Nf3 Qxe5+ 43. Nxe5 Bf5 44. Nxc6 Be4 45. Kg3 Rxg2+ 46. Kf4 f6 47. Nb4 g5+ 48. Ke3 Rg3+ 49. Kf2 Rxa3 50. c6 Rc3 51. Ke2 Rc4 52. c7 Rxc7 53. Na6 Rc2+ 54. Ke3 a3 55. Nb4 Rh2 56. Na6 Rxh3+ 0-1

[Event "Daventry 4NCL U1700"]
[Site "Daventry"]
[Date "2025.04.20"]
[Round "5.12"]
[White "Dargue, Peter W"]
[Black "Gunarathne, Miheli"]
[Result "0-1"]
[WhiteElo "1355"]
[BlackElo "1563"]
[PlyCount "88"]
[EventDate "2025.04.18"]
[EventType "swiss"]
[EventRounds "7"]
[EventCountry "ENG"]
[SourceTitle "BritBase"]
[Source "John Saunders"]
[SourceDate "2025.09.18"]
[SourceVersion "1"]
[SourceVersionDate "2025.09.18"]
[SourceQuality "1"]

1. e4 d5 2. exd5 Qxd5 3. Nc3 Qd6 4. d4 Nf6 5. Nb5 Qd8 6. Bf4 Nd5 7. Bg3 c6 8. Nc3 Nf6 9. Nf3 h6 10. h3 Bf5 11. Bd3 Bxd3 12. Qxd3 e6 13. O-O Be7 14. a3 O-O 15. Ne4 Nxe4 16. Qxe4 Nd7 17. c3 Nf6 18. Qc2 Qb6 19. Ne5 Rac8 20. Bh4 Rfd8 21. Qc1 Nd5 22. Bxe7 Nxe7 23. Qf4 f6 24. Ng4 c5 25. dxc5 Rxc5 26. Rab1 Qd6 27. Qxd6 Rxd6 28. Rfd1 Rxd1+ 29. Rxd1 Nd5 30. g3 Kf7 31. Rd3 a6 32. Kg2 Ke7 33. Kf3 Kd6 34. Ne3 Kc6 35. Nxd5 Rxd5 36. Ke2 Rxd3 37. Kxd3 a5 38. b4 axb4 39. cxb4 Kb5 40. Kd4 b6 41. f4 h5 42. g4 hxg4 43. hxg4 g6 44. Ke4 Kc4 0-1

[Event "Daventry 4NCL U1700"]
[Site "Daventry"]
[Date "2025.04.20"]
[Round "5.13"]
[White "Morris, Nigel W"]
[Black "Poliakov, Andrii"]
[Result "0-1"]
[WhiteElo "1560"]
[BlackElo "1437"]
[PlyCount "100"]
[EventDate "2025.04.18"]
[EventType "swiss"]
[EventRounds "7"]
[EventCountry "ENG"]
[SourceTitle "BritBase"]
[Source "John Saunders"]
[SourceDate "2025.09.18"]
[SourceVersion "1"]
[SourceVersionDate "2025.09.18"]
[SourceQuality "1"]

1. Nf3 d5 2. d4 Nf6 3. c4 c6 4. Nc3 e6 5. e3 Bb4 6. Bd2 Nbd7 7. a3 Bxc3 8. Bxc3 Ne4 9. Qc2 Ndf6 10. Bd3 O-O 11. O-O Nxc3 12. Qxc3 h6 13. Nd2 Bd7 14. f3 b5 15. c5 a5 16. Rae1 Bc8 17. Bb1 Ba6 18. b4 axb4 19. axb4 Bb7 20. e4 Ra6 21. e5 Nh7 22. Qc2 g6 23. Nb3 Qh4 24. Rd1 Ra7 25. Na5 Qe7 26. f4 Kg7 27. Rf3 Rg8 28. Rg3 Kf8 29. Rh3 h5 30. Kh1 Ke8 31. g4 h4 32. g5 Nf8 33. Qf2 Rh8 34. Rxh4 Rxh4 35. Qxh4 Qc7 36. Qf2 Ke7 37. Qd2 Nd7 38. Kg2 Qd8 39. Rh1 Qh8 40. h4 Qh5 41. Qe3 Nb8 42. Bd3 Na6 43. Be2 Qh7 44. Qd2 Ke8 45. h5 gxh5 46. Rxh5 Qe4+ 47. Bf3 Qb1 48. Rh8+ Ke7 49. Bh5 Nxb4 50. Rh7 Qxh7 0-1

[Event "Daventry 4NCL U1700"]
[Site "Daventry"]
[Date "2025.04.20"]
[Round "5.14"]
[White "Sartain, Patrick P"]
[Black "Webster, Vivien"]
[Result "1/2-1/2"]
[WhiteElo "1458"]
[BlackElo "1664"]
[PlyCount "102"]
[EventDate "2025.04.18"]
[EventType "swiss"]
[EventRounds "7"]
[EventCountry "ENG"]
[SourceTitle "BritBase"]
[Source "John Saunders"]
[SourceDate "2025.09.18"]
[SourceVersion "1"]
[SourceVersionDate "2025.09.18"]
[SourceQuality "1"]

1. e4 e5 2. Nf3 d6 3. Bc4 Be7 4. d3 Nf6 5. h3 O-O 6. Nc3 c6 7. a3 b5 8. Ba2 Na6 9. b4 Nc7 10. Ne2 a5 11. c3 axb4 12. cxb4 Be6 13. Ng3 Bxa2 14. Rxa2 Nd7 15. Nf5 d5 16. Nxe7+ Qxe7 17. Bg5 f6 18. Be3 d4 19. Bc1 Qe6 20. Qc2 Na6 21. Bd2 c5 22. bxc5 Ndxc5 23. Rb2 Rab8 24. O-O Rfc8 25. Qb1 Qd7 26. Rc1 h6 27. Nh4 Kh7 28. Nf5 Rb7 29. h4 Rcb8 30. h5 g6 31. hxg6+ Kxg6 32. Bxh6 Na4 33. Rb3 Nc3 34. Qc2 b4 35. axb4 Nxb4 36. Qd2 Qa4 37. Rbxc3 dxc3 38. Qe2 Rg8 39. Qg4+ Kf7 40. Nd6+ Ke7 41. Qxg8 Kxd6 42. Bf8+ Kd7 43. Qf7+ Kc8 44. Rxc3+ Kb8 45. Bd6+ Ka7 46. Bc5+ Ka8 47. Qe6 Qa1+ 48. Kh2 Qxc3 49. Qe8+ Rb8 50. Qa4+ Kb7 51. Qd7+ Ka6 1/2-1/2

[Event "Daventry 4NCL U1700"]
[Site "Daventry"]
[Date "2025.04.20"]
[Round "5.15"]
[White "Guest, Liam"]
[Black "Ajimal, Jet"]
[Result "0-1"]
[WhiteElo "1359"]
[BlackElo "1629"]
[PlyCount "100"]
[EventDate "2025.04.18"]
[EventType "swiss"]
[EventRounds "7"]
[EventCountry "ENG"]
[SourceTitle "BritBase"]
[Source "John Saunders"]
[SourceDate "2025.09.18"]
[SourceVersion "1"]
[SourceVersionDate "2025.09.18"]
[SourceQuality "1"]

1. d4 d5 2. c4 e6 3. Nf3 Nf6 4. a3 c6 5. e3 Bd6 6. Be2 O-O 7. Nc3 Nbd7 8. O-O Bc7 9. Qc2 dxc4 10. Bxc4 Nd5 11. Ne4 N7f6 12. Ne5 Bxe5 13. dxe5 Nd7 14. f4 Qb6 15. Rf3 Qc7 16. Ng5 g6 17. e4 Ne7 18. Kh1 h6 19. Nh3 b5 20. Bd3 Kg7 21. Bd2 Bb7 22. Bc3 a6 23. Rg3 c5 24. f5 Nxe5 25. f6+ Kxf6 26. Qf2+ Kg7 27. Qf4 f6 28. Nf2 g5 29. Qe3 Nxd3 30. Nxd3 c4 31. Nc5 Qc6 32. Nxb7 Qxb7 33. h4 Kg6 34. Qf3 Ng8 35. Qg4 Qe7 36. Bb4 Qf7 37. Bxf8 Rxf8 38. Rd1 h5 39. Qe2 g4 40. Rf1 Qe7 41. Qe3 Rd8 42. e5 f5 43. Qb6 Qxh4+ 44. Kg1 Re8 45. Re3 g3 46. Rff3 Qh2+ 47. Kf1 Qh1+ 48. Ke2 Qxg2+ 49. Kd1 h4 50. Re2 Qxf3 0-1

[Event "Daventry 4NCL U1700"]
[Site "Daventry"]
[Date "2025.04.20"]
[Round "5.17"]
[White "Green, Oliver"]
[Black "Fletcher, Ben J"]
[Result "1-0"]
[WhiteElo "1660"]
[BlackElo "1431"]
[PlyCount "50"]
[EventDate "2025.04.18"]
[EventType "swiss"]
[EventRounds "7"]
[EventCountry "ENG"]
[SourceTitle "BritBase"]
[Source "John Saunders"]
[SourceDate "2025.09.18"]
[SourceVersion "1"]
[SourceVersionDate "2025.09.18"]
[SourceQuality "1"]

1. e4 c5 2. Nf3 d6 3. d4 cxd4 4. Nxd4 Nf6 5. Nc3 a6 6. Rg1 e5 7. Nb3 h5 8. Bg5 Be7 9. Be2 h4 10. Qd2 Be6 11. O-O-O Nbd7 12. f4 exf4 13. Bxf4 Ne5 14. h3 Nh5 15. Bxh5 Rxh5 16. Qe2 g6 17. Nd5 Bg5 18. Kb1 Bxd5 19. Bxg5 Rxg5 20. Rxd5 f6 21. Rgd1 Nf7 22. Qf2 Rxd5 23. exd5 g5 24. Nd2 Ne5 25. Ne4 Kf7 1-0

[Event "Daventry 4NCL U1700"]
[Site "Daventry"]
[Date "2025.04.20"]
[Round "5.18"]
[White "Fraser, Chris A"]
[Black "Ronald, Ken"]
[Result "1-0"]
[WhiteElo "1548"]
[BlackElo "1498"]
[PlyCount "87"]
[EventDate "2025.04.18"]
[EventType "swiss"]
[EventRounds "7"]
[EventCountry "ENG"]
[SourceTitle "BritBase"]
[Source "John Saunders"]
[SourceDate "2025.09.18"]
[SourceVersion "1"]
[SourceVersionDate "2025.09.18"]
[SourceQuality "1"]

1. b3 d5 2. Bb2 Bf5 3. e3 e6 4. Nf3 Nd7 5. c4 Ngf6 6. Nh4 Bg6 7. Nxg6 hxg6 8. a3 Bd6 9. h3 c6 10. cxd5 cxd5 11. Bb5 a6 12. Bxd7+ Qxd7 13. d3 Rd8 14. Nd2 Kf8 15. Nf3 Rh5 16. Qd2 g5 17. Ke2 Nh7 18. g4 Rh6 19. Be5 Bxe5 20. Nxe5 Qd6 21. d4 f6 22. Nd3 b6 23. b4 Kf7 24. Rac1 Nf8 25. f4 Kg6 26. Qc2 Kf7 27. Qc7+ Rd7 28. Qxd6 Rxd6 29. fxg5 fxg5 30. Ne5+ Ke7 31. Rc7+ Nd7 32. Rf1 Rf6 33. Rfc1 Rf7 34. Nxf7 Kxf7 35. R1c6 Ke7 36. Rxd6 Kxd6 37. Ra7 e5 38. Rxa6 Kc6 39. Ra8 exd4 40. exd4 Nf6 41. a4 Ne4 42. Rg8 Nc3+ 43. Kd3 Nxa4 44. Rxg7 1-0

[Event "Daventry 4NCL U1700"]
[Site "Daventry"]
[Date "2025.04.20"]
[Round "5.19"]
[White "Goldsmith, Jennifer"]
[Black "Butler, Rene"]
[Result "0-1"]
[WhiteElo "1379"]
[BlackElo "1499"]
[PlyCount "98"]
[EventDate "2025.04.18"]
[EventType "swiss"]
[EventRounds "7"]
[EventCountry "ENG"]
[SourceTitle "BritBase"]
[Source "John Saunders"]
[SourceDate "2025.09.18"]
[SourceVersion "1"]
[SourceVersionDate "2025.09.18"]
[SourceQuality "1"]

1. c4 Nf6 2. Nc3 g6 3. g3 Bg7 4. Bg2 O-O 5. e4 d6 6. d4 Bg4 7. Nge2 Nbd7 8. O-O Nb6 9. b3 c6 10. Rb1 a5 11. Qd3 Bxe2 12. Nxe2 Nbd7 13. f4 Rb8 14. Bb2 b5 15. cxb5 cxb5 16. Rbc1 Qb6 17. Kh1 Rbc8 18. Qd2 h5 19. f5 Ng4 20. Rxc8 Rxc8 21. Qd3 e5 22. h3 Nh6 23. d5 Nc5 24. Qd2 Nd7 25. f6 Nxf6 26. Nc3 Nd7 27. Qg5 Qd8 28. Qxd8+ Rxd8 29. Nxb5 Nc5 30. Bc3 a4 31. b4 Na6 32. Na3 Rc8 33. Rf3 f5 34. Re3 f4 35. Rf3 g5 36. Nb1 Nxb4 37. Bxb4 Rc1+ 38. Rf1 Rc2 39. a3 fxg3 40. Bxd6 g4 41. h4 Nf7 42. Bb4 Nd8 43. Kg1 Bh6 44. Rd1 Be3+ 45. Kf1 Rf2+ 46. Ke1 Rxg2 47. Nc3 Rg1+ 48. Ke2 Rxd1 49. Nxd1 g2 0-1

[Event "Daventry 4NCL U1700"]
[Site "Daventry"]
[Date "2025.04.20"]
[Round "5.20"]
[White "Yue, Blake"]
[Black "Bangalore Kumar, Rohith"]
[Result "1/2-1/2"]
[WhiteElo "1178"]
[BlackElo "1619"]
[PlyCount "71"]
[EventDate "2025.04.18"]
[EventType "swiss"]
[EventRounds "7"]
[EventCountry "ENG"]
[SourceTitle "BritBase"]
[Source "John Saunders"]
[SourceDate "2025.09.18"]
[SourceVersion "1"]
[SourceVersionDate "2025.09.18"]
[SourceQuality "1"]

1. e4 c6 2. d4 d5 3. e5 Bf5 4. Be3 e6 5. Nf3 Nd7 6. Bd3 Ne7 7. O-O Bxd3 8. Qxd3 Nf5 9. c4 Be7 10. c5 b6 11. b4 O-O 12. Nc3 f6 13. exf6 Bxf6 14. Rfd1 Qe7 15. h3 Nxe3 16. fxe3 e5 17. Qc2 e4 18. Nd2 Bg5 19. Re1 Qf6 20. Nb3 Qh6 21. Qe2 Rf6 22. Rad1 Raf8 23. Kh1 Rf2 24. Qg4 R8f5 25. Qg3 Qh4 26. Qxh4 Bxh4 27. Rg1 Rc2 28. Rc1 Rff2 29. Rxc2 Rxc2 30. Rc1 Rb2 31. b5 Nb8 32. cxb6 axb6 33. bxc6 Nxc6 34. Nxd5 Na5 35. Nxa5 bxa5 36. a4 1/2-1/2

[Event "Daventry 4NCL U1700"]
[Site "Daventry"]
[Date "2025.04.20"]
[Round "5.22"]
[White "Amudhavel, Aadharshini"]
[Black "Morley, Ian"]
[Result "1-0"]
[WhiteElo "1263"]
[BlackElo "1428"]
[PlyCount "68"]
[EventDate "2025.04.18"]
[EventType "swiss"]
[EventRounds "7"]
[EventCountry "ENG"]
[SourceTitle "BritBase"]
[Source "John Saunders"]
[SourceDate "2025.09.18"]
[SourceVersion "1"]
[SourceVersionDate "2025.09.18"]
[SourceQuality "1"]

1. e4 d5 2. exd5 Qxd5 3. Nc3 Qd8 4. Bc4 c6 5. a4 Nf6 6. Nf3 Bg4 7. Ne5 Be6 8. Bxe6 fxe6 9. d3 Nbd7 10. Nxd7 Qxd7 11. O-O Nd5 12. Nxd5 exd5 13. Bf4 O-O-O 14. a5 Qf5 15. Be3 e5 16. Bxa7 Bd6 17. a6 bxa6 18. Rxa6 Kd7 19. Bb6 Ra8 20. Qa1 Qf8 21. Ra7+ Ke6 22. Re1 Rxa7 23. Qxa7 Qb8 24. Qxg7 Qf8 25. Qg4+ Qf5 26. Qa4 c5 27. Qc6 Rf8 28. Bxc5 Rd8 29. d4 e4 30. f3 Kf7 31. Bxd6 exf3 32. Re7+ Kg8 33. Re8+ Rxe8 34. Qxe8+ Kg7 1-0

[Event "Daventry 4NCL U1700"]
[Site "Daventry"]
[Date "2025.04.20"]
[Round "5.23"]
[White "Nagaram, Sai Saatvik"]
[Black "Calvert, William"]
[Result "1-0"]
[WhiteElo "909"]
[BlackElo "897"]
[PlyCount "91"]
[EventDate "2025.04.18"]
[EventType "swiss"]
[EventRounds "7"]
[EventCountry "ENG"]
[SourceTitle "BritBase"]
[Source "John Saunders"]
[SourceDate "2025.09.18"]
[SourceVersion "1"]
[SourceVersionDate "2025.09.18"]
[SourceQuality "1"]

1. e4 e5 2. Nf3 Nc6 3. Nc3 Nf6 4. Bc4 Bc5 5. O-O O-O 6. d3 d6 7. Be3 Bg4 8. h3 Bxf3 9. Qxf3 Nd4 10. Bxd4 Bxd4 11. Rab1 a6 12. a4 Qd7 13. b3 Bxc3 14. b4 c6 15. Rb3 Bd4 16. b5 d5 17. bxc6 bxc6 18. c3 dxc4 19. dxc4 Bc5 20. Rd1 Qe6 21. Qd3 Rfd8 22. Qxd8+ Rxd8 23. Rxd8+ Bf8 24. Rbb8 Nd7 25. Rb7 Nc5 26. Rbb8 Qe7 27. Re8 Qd6 28. Rbd8 Nd7 29. c5 Qd1+ 30. Kh2 g6 31. f4 Kg7 32. fxe5 Bxc5 33. h4 Qg1+ 34. Kg3 Bf2+ 35. Kf3 Nc5 36. e6 fxe6 37. Re7+ Kh6 38. Rh8 Qd1+ 39. Kxf2 Nxe4+ 40. Ke3 Qe1+ 41. Kd4 Nf6 42. Rf7 Qf2+ 43. Ke5 Qf5+ 44. Kd6 Ne8+ 45. Ke7 Qe5 46. Rfxh7# 1-0

[Event "Daventry 4NCL U1700"]
[Site "Daventry"]
[Date "2025.04.21"]
[Round "6.1"]
[White "Van Neerven, Yvon"]
[Black "Shi, Kevin"]
[Result "0-1"]
[WhiteElo "1222"]
[BlackElo "1430"]
[PlyCount "70"]
[EventDate "2025.04.18"]
[EventType "swiss"]
[EventRounds "7"]
[EventCountry "ENG"]
[SourceTitle "BritBase"]
[Source "John Saunders"]
[SourceDate "2025.09.18"]
[SourceVersion "1"]
[SourceVersionDate "2025.09.18"]
[SourceQuality "1"]

1. Nf3 Nf6 2. d4 d5 3. Bf4 c5 4. e3 Nc6 5. c3 Qb6 6. Qb3 c4 7. Qc2 g6 8. Nbd2 Bf5 9. Qc1 Nh5 10. Nh4 Bd7 11. Bg3 Nxg3 12. hxg3 e5 13. b3 exd4 14. cxd4 cxb3 15. Nxb3 Bb4+ 16. Nd2 Rc8 17. Qb2 O-O 18. Bd3 Bxd2+ 19. Qxd2 Nb4 20. Rb1 Nxd3+ 21. Qxd3 Qa5+ 22. Qd2 Qa6 23. Rb2 Rc4 24. O-O Rfc8 25. Qe2 b6 26. Qf3 Rc1 27. Rxc1 Rxc1+ 28. Kh2 Bg4 29. Qxd5 Qf1 30. Qd8+ Kg7 31. Nf5+ Bxf5 32. g4 Bxg4 33. Qe7 Qh1+ 34. Kg3 Qh5 35. Qxa7 g5 0-1

[Event "Daventry 4NCL U1700"]
[Site "Daventry"]
[Date "2025.04.21"]
[Round "6.2"]
[White "Prabhakaran, Anvikkashri"]
[Black "Udin, Wade"]
[Result "1/2-1/2"]
[WhiteElo "1498"]
[BlackElo "1521"]
[PlyCount "157"]
[EventDate "2025.04.18"]
[EventType "swiss"]
[EventRounds "7"]
[EventCountry "ENG"]
[SourceTitle "BritBase"]
[Source "John Saunders"]
[SourceDate "2025.09.18"]
[SourceVersion "1"]
[SourceVersionDate "2025.09.18"]
[SourceQuality "1"]

1. d4 d6 2. c4 Nf6 3. Nc3 g6 4. Nf3 Bg7 5. Bf4 O-O 6. h3 Nbd7 7. e3 Re8 8. Be2 c5 9. O-O cxd4 10. exd4 b6 11. b4 Ba6 12. b5 Bb7 13. Nd2 d5 14. cxd5 Nxd5 15. Nxd5 Bxd5 16. Bf3 Nf6 17. Rc1 Bxf3 18. Nxf3 Nd5 19. Bg3 Rc8 20. Rxc8 Qxc8 21. Qa4 Qd7 22. Rc1 f6 23. Qb3 e6 24. Ne1 Rc8 25. Rxc8+ Qxc8 26. Nd3 Qc3 27. Qxc3 Nxc3 28. a4 Nxa4 29. Bb8 Nc3 30. Bxa7 Ne2+ 31. Kf1 Nxd4 32. Bxb6 Nxb5 33. Nf4 Kf7 34. Ke2 Nd6 35. Bc5 Nc4 36. Nd3 f5 37. f4 Bf8 38. Bd4 Bd6 39. g3 h5 40. h4 Ke8 41. Ne5 Nxe5 42. Bxe5 Kd7 43. Kd3 Kc6 44. Kc4 Bc5 45. Bd4 Bxd4 46. Kxd4 Kd6 47. Ke3 Kc5 48. Kd3 Kd5 49. Ke3 Kc4 50. Kd2 Kd4 51. Ke2 Ke4 52. Kf2 Kd4 53. Ke2 e5 54. fxe5 Kxe5 55. Ke3 Ke6 56. Kf3 Kf7 57. Ke3 Ke7 58. Ke2 Ke6 59. Kf3 Ke5 60. Ke3 Ke6 61. Kf3 Kf6 62. Kf4 g5+ 63. hxg5+ Kg6 64. Kf3 Kxg5 65. Kf2 h4 66. gxh4+ Kxh4 67. Kf3 Kg5 68. Kg3 f4+ 69. Kf3 Kf5 70. Kf2 Ke4 71. Ke2 f3+ 72. Kf2 Kf4 73. Kf1 Kf5 74. Kf2 Ke4 75. Kf1 Kf4 76. Kf2 Kg4 77. Kf1 Kg3 78. Kg1 f2+ 79. Kf1 1/2-1/2

[Event "Daventry 4NCL U1700"]
[Site "Daventry"]
[Date "2025.04.21"]
[Round "6.3"]
[White "Badley, Christopher"]
[Black "Ben-Eshak, Djad"]
[Result "1/2-1/2"]
[WhiteElo "1483"]
[BlackElo "1468"]
[PlyCount "95"]
[EventDate "2025.04.18"]
[EventType "swiss"]
[EventRounds "7"]
[EventCountry "ENG"]
[SourceTitle "BritBase"]
[Source "John Saunders"]
[SourceDate "2025.09.18"]
[SourceVersion "1"]
[SourceVersionDate "2025.09.18"]
[SourceQuality "1"]

1. e4 c5 2. Nf3 d6 3. d4 cxd4 4. Nxd4 Nf6 5. Nc3 a6 6. Bc4 e6 7. Bb3 Be7 8. O-O O-O 9. f4 e5 10. Nf5 Bxf5 11. exf5 Nc6 12. Nd5 Nxd5 13. Qxd5 Qc7 14. c3 Rac8 15. Kh1 Bf6 16. Be3 Rce8 17. Rad1 Ne7 18. Qxd6 Qxd6 19. Rxd6 Nxf5 20. Bc5 Nxd6 21. Bxd6 exf4 22. Bxf8 Kxf8 23. Kg1 Re2 24. Rxf4 Rxb2 25. Rc4 Bd8 26. Rc8 Ke7 27. Rb8 b5 28. Rb7+ Kf6 29. Rxf7+ Kg6 30. Rb7 Ba5 31. Kf1 Bxc3 32. Rb6+ Kg5 33. Rxa6 Kf4 34. Ra8 Bd4 35. Bd5 Be5 36. Re8 Rd2 37. Rf8+ Kg5 38. Be6 Bxh2 39. Rf5+ Kh4 40. Rxb5 Bg3 41. Bb3 Rf2+ 42. Kg1 Re2 43. Rf5 Re1+ 44. Rf1 Rxf1+ 45. Kxf1 Kg4 46. a4 Bc7 47. Ke2 h5 48. Bd5 1/2-1/2

[Event "Daventry 4NCL U1700"]
[Site "Daventry"]
[Date "2025.04.21"]
[Round "6.4"]
[White "Robinson, John K"]
[Black "Peel, James"]
[Result "1/2-1/2"]
[WhiteElo "1627"]
[BlackElo "1534"]
[PlyCount "42"]
[EventDate "2025.04.18"]
[EventType "swiss"]
[EventRounds "7"]
[EventCountry "ENG"]
[SourceTitle "BritBase"]
[Source "John Saunders"]
[SourceDate "2025.09.18"]
[SourceVersion "1"]
[SourceVersionDate "2025.09.18"]
[SourceQuality "1"]

1. d4 c5 2. d5 e5 3. c4 d6 4. Nc3 a6 5. a4 Be7 6. Nf3 Bg4 7. e4 Bxf3 8. Qxf3 Bg5 9. Bxg5 Qxg5 10. g3 Nf6 11. h4 Qg4 12. Qxg4 Nxg4 13. Bh3 Nf6 14. a5 Nbd7 15. Bxd7+ Kxd7 16. f3 g6 17. Kf2 Nh5 18. Ne2 f5 19. Nc3 f4 20. g4 Nf6 21. Ra3 Ke7 1/2-1/2

[Event "Daventry 4NCL U1700"]
[Site "Daventry"]
[Date "2025.04.21"]
[Round "6.5"]
[White "Homer, Neil S"]
[Black "Gunarathne, Miheli"]
[Result "1-0"]
[WhiteElo "1683"]
[BlackElo "1563"]
[PlyCount "65"]
[EventDate "2025.04.18"]
[EventType "swiss"]
[EventRounds "7"]
[EventCountry "ENG"]
[SourceTitle "BritBase"]
[Source "John Saunders"]
[SourceDate "2025.09.18"]
[SourceVersion "1"]
[SourceVersionDate "2025.09.18"]
[SourceQuality "1"]

1. e4 d5 2. exd5 Qxd5 3. Nf3 Nf6 4. d4 c6 5. Be2 Bf5 6. c4 Qd8 7. O-O e6 8. Nc3 Be7 9. h3 O-O 10. Bf4 Nbd7 11. Bd3 Bxd3 12. Qxd3 Rc8 13. Rfd1 Nb6 14. Qe2 Bb4 15. Rac1 Bxc3 16. Rxc3 h6 17. b3 Qe7 18. Rcd3 Qd8 19. Ne5 Re8 20. Rg3 Kf8 21. Rgd3 Kg8 22. Bg3 Rf8 23. Bh4 a6 24. Qf3 g5 25. Bg3 a5 26. h4 Nh7 27. hxg5 hxg5 28. Qh5 a4 29. Rf3 Qe7 30. Ng4 axb3 31. Nh6+ Kh8 32. Nxf7+ Kg8 33. Qg6# 1-0